Словно брат и сестра... (Запись № 12789463)

Подробности
000 -МАРКЕР
контрольное поле 04358ncm0a2200469 4500
001 - ИДЕНТИФИКАТОР ЗАПИСИ
контрольное поле RU\NLR\ONIZ\206988
005 - ИДЕНТИФИКАТОР ВЕРСИИ
контрольное поле 20250624111448.0
035 ## - ДРУГИЕ СИСТЕМНЫЕ НОМЕРА
Идентификатор записи (NLR Aleph) 012672575
100 ## - ДАННЫЕ ОБЩЕЙ ОБРАБОТКИ
Данные общей обработки 20141203d2006 |||y0rusy50 ca
101 0# - ЯЗЫК РЕСУРСА
Язык текста, звукозаписи и т.д. русский
102 ## - СТРАНА ПУБЛИКАЦИИ ИЛИ ПРОИЗВОДСТВА
Страна публикации российская федерация
125 ## - ПОЛЕ КОДИРОВАННЫХ ДАННЫХ: ЗВУКОЗАПИСИ И НОТНЫЕ ИЗДАНИЯ
Форма изложения нотного текста ay
128 ## - ПОЛЕ КОДИРОВАННЫХ ДАННЫХ: МУЗЫКАЛЬНАЯ ФОРМА, ТОНАЛЬНОСТЬ И ЛАД
Музыкальная форма op
128 ## - ПОЛЕ КОДИРОВАННЫХ ДАННЫХ: МУЗЫКАЛЬНАЯ ФОРМА, ТОНАЛЬНОСТЬ И ЛАД
Музыкальная форма psl
145 0# - ПОЛЕ КОДИРОВАННЫХ ДАННЫХ: СРЕДСТВО ИСПОЛНЕНИЯ МУЗЫКАЛЬНОГО ПРОИЗВЕДЕНИЯ (УСТАРЕВШЕЕ)
Тип средства исполнения c
200 1# - ЗАГЛАВИЕ И СВЕДЕНИЯ ОБ ОТВЕТСТВЕННОСТИ
Основное заглавие Словно брат и сестра...
Общее обозначение материала Ноты
Сведения, относящиеся к заглавию одноактные оперы по мотивам произведений Шолом-Алейхема
Первые сведения об ответственности В. Б. Рывкин
Последующие сведения об ответственности либретто Николая Голя
210 ## - ПУБЛИКАЦИЯ, РАСПРОСТРАНЕНИЕ И ДР.
Место издания, распространения и т.д. Санкт-Петербург
Имя издателя, распространителя и т. д. Композитор - Санкт-Петербург
Дата издания, распространения и т.д. 2006
215 ## - ФИЗИЧЕСКАЯ ХАРАКТЕРИСТИКА
Специфическое обозначение материала и объем 235, [5] c.
Другие сведения о физической характеристике ил.
Размеры 29 см
313 ## - ПРИМЕЧАНИЯ, ОТНОСЯЩИЕСЯ К ТЕМАТИЧЕСКОМУ ДОСТУПУ
Текст примечания Систематизация документа проведена по изданию - Методика классифицирования музыкальных произведений (нотных изданий) по таблицам Библиотечно-библиографических классификаций : метод. рекомендации / Гос. б-ка СССР им. В.И. Ленина.- М., 1977. Индексу ББК методических рекомендаций присваивается код ББК для научных библиотек - LBC/SL
327 1# - ПРИМЕЧАНИЯ О СОДЕРЖАНИИ
Текст примечания Здравствуй, Бузя... Еврейская пастораль : опера для солистов, камерного хора и фп. (инструм. анс.) по повести "Песнь песней";
-- Скрипочка для Шолома, или Каприс Паганини : опера для солистов, камерного хора и фп. (камер. анс.) по рассказу "Скрипка";
-- Скрипач на свадьбе : опера для солистов, камер. хора, скрипки и фп. по роману "Стемпеню"
464 #0 - АНАЛИТИЧЕСКИЙ УРОВЕНЬ
Встроенное поле 2001#$aЗдравствуй, Бузя... Еврейская пастораль$eопера для солистов, камерного хора и фп. (инструм. анс.) по повести "Песнь песней"
-- 215##$aС.[3]-106
-- 604##
-- 700#1$aШолом-Алейхем$f1859-1916
-- 50010$aПеснь песней$xмузыкальные интерпретации$lповесть$2nlr_sh
Заглавие Здравствуй, Бузя... Еврейская пастораль
Автор Шолом-Алейхем (1859-1916)
464 #0 - АНАЛИТИЧЕСКИЙ УРОВЕНЬ
Встроенное поле 2001#$aСкрипочка для Шолома, или Каприс Паганини$eопера для солистов, камерного хора и фп. (камер. анс.) по рассказу "Скрипка"
-- 215##$aС.105-168
-- 604##
-- 700#1$aШолом-Алейхем$f1859-1916
-- 50010$aСкрипка$xмузыкальные интерпретации$lрассказ$2nlr_sh
Заглавие Скрипочка для Шолома, или Каприс Паганини
Автор Шолом-Алейхем (1859-1916)
464 #0 - АНАЛИТИЧЕСКИЙ УРОВЕНЬ
Встроенное поле 2001#$aСкрипач на свадьбе$eопера для солистов, камер. хора, скрипки и фп. по роману "Стемпеню"
-- 215##$aС.169-235
-- 604##
-- 700#1$aШолом-Алейхем$f1859-1916
-- 50010$aСтемпеню$xмузыкальные интерпретации$lроман$2nlr_sh
Заглавие Скрипач на свадьбе
Автор Шолом-Алейхем (1859-1916)
608 ## - ФОРМА, ЖАНР, ФИЗИЧЕСКИЕ ХАРАКТЕРИСТИКИ ДОКУМЕНТА КАК ТОЧКА ДОСТУПА
Начальный элемент ввода Опера
Тематический подзаголовок Ноты
Географический подзаголовок Россия
Хронологический подзаголовок 19-20 в.
Код системы nlr_sh
686 ## - ИНДЕКСЫ ДРУГИХ КЛАССИФИКАЦИЙ
Индекс Щ987.1(2Р)Клавир
Издание LBC/SL
Код системы
686 ## - ИНДЕКСЫ ДРУГИХ КЛАССИФИКАЦИЙ
Индекс Щ971(2Р)Клавир
Издание LBC/SL
Код системы
700 #1 - ИМЯ ЛИЦА - ПЕРВИЧНАЯ ОТВЕТСТВЕННОСТЬ
Системный номер авторитетной/нормативной записи z01790
Начальный элемент ввода Рывкин
Часть имени, кроме начального элемента ввода В. Б.
Даты 1946-
Расширение инициалов личного имени Вадим Борисович
Код отношения Композитор
702 #1 - ИМЯ ЛИЦА - ВТОРИЧНАЯ ОТВЕТСТВЕННОСТЬ
Системный номер авторитетной/нормативной записи z04790
Начальный элемент ввода Голь
Часть имени, кроме начального элемента ввода Н. М.
Даты 1952-
Расширение инициалов личного имени Николай Михайлович
Код отношения Автор <книги> оперы, балета или другого музыкального произведения
Графика поля Кириллица
702 #0 - ИМЯ ЛИЦА - ВТОРИЧНАЯ ОТВЕТСТВЕННОСТЬ
Системный номер авторитетной/нормативной записи z05790
Начальный элемент ввода Шолом-Алейхем
Код отношения Автор
Графика поля Кириллица
790 #1 - ИМЯ ЛИЦА - АЛЬТЕРНАТИВНАЯ ФОРМА
Системный номер авторитетной/нормативной записи z01700
Начальный элемент ввода Ry`vkin
Часть имени, кроме начального элемента ввода V. B.
Даты 1946-
Расширение инициалов личного имени Vadim Borisovich
Код отношения Композитор
Графика поля Латинская
790 #1 - ИМЯ ЛИЦА - АЛЬТЕРНАТИВНАЯ ФОРМА
Системный номер авторитетной/нормативной записи z04702
Начальный элемент ввода Gol`
Часть имени, кроме начального элемента ввода N. M.
Даты 1952-
Расширение инициалов личного имени Nikolaj Miсhajlovič
Код отношения Автор <книги> оперы, балета или другого музыкального произведения
Графика поля Латинская
790 #1 - ИМЯ ЛИЦА - АЛЬТЕРНАТИВНАЯ ФОРМА
Системный номер авторитетной/нормативной записи z05702
Начальный элемент ввода Рабинович
Часть имени, кроме начального элемента ввода Ш.Н.
Расширение инициалов личного имени Шолом Нохумович
Код отношения Автор
Графика поля Кириллица
801 #0 - ИСТОЧНИК ЗАПИСИ
Страна российская федерация
Организация NLR
Дата составления 20141203
Правила каталогизации PSBO
801 #1 - ИСТОЧНИК ЗАПИСИ
Страна российская федерация
Организация NLR
Дата составления 20141203
Источник данных rusmarc
801 #2 - ИСТОЧНИК ЗАПИСИ
Страна российская федерация
Организация NLR
Дата составления 20151105
852 ## - МЕСТОНАХОЖДЕНИЕ И ШИФР ХРАНЕНИЯ
Идентификатор организации NLR
Наименование фонда или коллекции (Sub-Location Identifier) М
Шифр хранения (Call Number) 986/230
Страна
Номер экземпляра 1
852 ## - МЕСТОНАХОЖДЕНИЕ И ШИФР ХРАНЕНИЯ
Идентификатор организации NLR
Наименование фонда или коллекции (Sub-Location Identifier) М
Шифр хранения (Call Number) 3/11400
Страна
Номер экземпляра 2
942 ## - ДОПОЛНИТЕЛЬНЫЕ ЭЛЕМЕНТЫ ЗАПИСИ (АБИС)
Тип экземпляра АБИС Ноты
980 ## - КОЛЛЕКЦИЯ
Название коллекции Национальная библиография
980 ## - КОЛЛЕКЦИЯ
Название коллекции Отдел нот и звукозаписей
Экземпляры
Тип экземпляра Дата поступления Библиотека постоянного хранения Библиотека текущего хранения Место хранения Шифр хранения Статус не для выдачи
Ноты 03.12.2014 РНБ (Московский) РНБ (Московский) Фонд нот и звукозаписей 986/230 986/230  
Ноты 03.12.2014 РНБ (Московский) РНБ (Московский) Фонд нот и звукозаписей 3/11400 3/11400